[Event "IECG TE.2005.P.02010"]
[Site "IECG email"]
[Date "2005.12.19"]
[Round "?"]
[White "Martinez Duran, Luis Enrique"]
[Black "Wood, Brian B"]
[Result "1/2-1/2"]
[WhiteElo "1800"]
[BlackElo "914"]
[PlyCount "65"]
[EventDate "2005.12.19"]
[EventType "tourn (corr)"]
[EventRounds "8"]
[SourceTitle "Corr 2008"]
[Source "ChessBase"]
[SourceDate "2008.06.24"]
[SourceVersion "1"]
[SourceVersionDate "2008.06.24"]
[SourceQuality "1"]

1. e4 e5 2. Nf3 Nc6 3. c3 Nf6 4. d4 exd4 5. e5 Nd5 6. cxd4 Bb4+ 7. Bd2 Bxd2+ 8. Qxd2 0-0 9. Bc4 Nb6 10. Bb3 d6 11. 0-0 Bg4 12. Bd1 dxe5 13. Nxe5 Nxe5 14. dxe5 Bxd1 15. Rxd1 Qe7 16. Qe2 Rfe8 17. Re1 Rad8 18. Nc3 Nd5 19. Nxd5 Rxd5 20. Rad1 Rxd1 21. Qxd1 Rd8 22. Qb3 b6 23. g3 g6 24. e6 c5 25. Kg2 Kg7 26. Re4 fxe6 27. Rxe6 Qb7+ 28. Qf3 Qxf3+ 29. Kxf3 Rd2 30. Re7+ Kh6 31. h4 Rxb2 32. Rxa7 c4 33. Ke3 1/2-1/2

[Event "IECG QE.2001.0.00001"]
[Site "IECG email"]
[Date "2001.04.30"]
[Round "?"]
[White "Martinez Duran, Luis Enrique"]
[Black "Meinczinger, Tibor"]
[Result "1-0"]
[WhiteElo "1350"]
[BlackElo "1200"]
[PlyCount "101"]
[EventDate "2001.04.30"]
[EventType "tourn (corr)"]
[EventRounds "6"]
[SourceTitle "Corr 2008"]
[Source "ChessBase"]
[SourceDate "2008.06.24"]
[SourceVersion "1"]
[SourceVersionDate "2008.06.24"]
[SourceQuality "1"]

1. e4 c6 2. f4 e5 3. Nc3 exf4 4. Nf3 d5 5. d4 Bg4 6. e5 Be7 7. Bxf4 c5 8. Qd3 c4 9. Qd2 Bb4 10. Be2 Nc6 11. h3 Bf5 12. 0-0-0 Qa5 13. Kb1 0-0-0 14. g4 Bd7 15. Bf1 a6 16. Bg2 Na7 17. Ng5 Be6 18. Bg3 Nb5 19. Be1 Qb6 20. Na4 Bxd2 21. Nxb6+ Kc7 22. Bxd2 Kxb6 23. c3 Ne7 24. Rhf1 Rdf8 25. Rf2 h6 26. Nxe6 fxe6 27. Rdf1 Ng6 28. h4 Rxf2 29. Rxf2 Rf8 30. Rxf8 Nxf8 31. h5 Nh7 32. Kc2 Kc6 33. a4 Na7 34. b3 b5 35. axb5+ axb5 36. Bh3 Kd7 37. bxc4 bxc4 38. Bf1 Ke7 39. Be2 Kf7 40. Kb2 Nc6 41. Bd1 Nd8 42. Bc2 Kg8 43. Ka3 Nf7 44. Kb4 Nhg5 45. Kc5 Nf3 46. Bc1 Kf8 47. Kc6 Nh8 48. Kd7 Kf7 49. Bd1 Ng5 50. Bxg5 hxg5 51. Bc2 1-0